LDR 01024naa#a2200181#i#450# 001 RU\\bibl\114322 005 20260418095818.6 011 ## _a2782-4586 100 ## _a20260331b2026####ek#y0rusy0150####ca 102 ## _aRU 200 1# _aТермоэлектрогенерация, как возможный путь повышения экономической эффективности авиапредприятий _eЖурнальная статья 210 1# _aМосква _cУниверситет ИТБО _d2026 215 ## _a7 с. 608 ## _aЖурнальная статья _2local 675 ## _a<Математическое обеспечение (программирование). Программы ЦВМ>. Исключено E&C 18 [1996]. 681.3.06 _aБортовые системы и приборы наведения, управления и навигации. 629.7.05 _z 700 #1 _aНовак _gАлександр Александрович 700 #1 _aСоколов _gОлег Аркадьевич 856 4# _ajomeam.ru _u